[Event "GRE-chT 50th"]
[Site "Nikaia"]
[Date "2023.08.27"]
[Round "4.9"]
[White "Papadopoulos, Filippos"]
[Black "Kazantzoglou, Stefanos"]
[Result "0-1"]
[WhiteElo "1798"]
[BlackElo "1927"]
[PlyCount "58"]
[EventDate "2023.08.25"]
[EventType "team"]
[EventRounds "9"]
[EventCountry "GRE"]
[SourceTitle "EXT 2024"]
[Source "ChessBase"]
[SourceDate "2023.10.10"]
[SourceVersion "1"]
[SourceVersionDate "2023.10.10"]
[SourceQuality "1"]
[WhiteTeam "Patron"]
[BlackTeam "Irakleiou"]
[WhiteTeamCountry "GRE"]
[BlackTeamCountry "GRE"]

1. e4 e5 2. Nf3 Nc6 3. Bb5 a6 4. Ba4 Nf6 5. 0-0 b5 6. Bb3 Bc5 7. a4 Rb8 8. axb5 axb5 9. Nxe5 Nxe5 10. d4 Bxd4 11. Qxd4 d6 12. f4 Nc6 13. Qc3 Ne7 14. Ra7 Bb7 15. e5 Ne4 16. Qb4 Bc6 17. Nc3 Nxc3 18. Qxc3 0-0 19. f5 b4 20. Qg3 dxe5 21. h4 Kh8 22. Qxe5 Rb5 23. Qe1 Nxf5 24. Bf4 Nxh4 25. Qg3 Bxg2 26. Be5 Rxe5 27. Qxe5 Bxf1 28. Kxf1 Re8 29. Qh5 Qf6+ 0-1

[Event "GRE-ch U16"]
[Site "Peristeri"]
[Date "2023.07.07"]
[Round "7"]
[White "Papadopoulos, Filippos"]
[Black "Styfougias, Evangelos"]
[Result "1-0"]
[WhiteElo "1828"]
[BlackElo "1474"]
[PlyCount "69"]
[EventDate "2023.07.03"]
[EventType "swiss"]
[EventRounds "9"]
[EventCountry "GRE"]
[SourceTitle "EXT 2024"]
[Source "ChessBase"]
[SourceDate "2023.10.10"]
[SourceVersion "1"]
[SourceVersionDate "2023.10.10"]
[SourceQuality "1"]

1. e4 c5 2. Nf3 d6 3. d4 cxd4 4. Nxd4 Nf6 5. Nc3 a6 6. Bc4 e6 7. Bb3 Be7 8. g4 0-0 9. g5 Nfd7 10. h4 Nc5 11. a3 Nxb3 12. cxb3 d5 13. exd5 exd5 14. Be3 Nc6 15. Qd2 Bc5 16. Nxc6 Bxe3 17. Nxd8 Bxd2+ 18. Kxd2 Rxd8 19. b4 Be6 20. Na4 d4 21. Rac1 b5 22. Nc5 Ra7 23. Rhe1 Bc8 24. Nb3 Be6 25. Na5 Rad7 26. Rc6 Rd6 27. Rec1 Kf8 28. Nb7 Rxc6 29. Rxc6 Rd5 30. Nc5 Rf5 31. Nxe6+ fxe6 32. Rxe6 Rxf2+ 33. Kd3 Rxb2 34. Rxa6 Rc2 35. Kxc2 1-0

[Event "GRE-ch U16"]
[Site "Peristeri"]
[Date "2023.07.04"]
[Round "3"]
[White "Papadopoulos, Filippos"]
[Black "Kalogridis, Themistoklis"]
[Result "1/2-1/2"]
[WhiteElo "1828"]
[BlackElo "1746"]
[PlyCount "62"]
[EventDate "2023.07.03"]
[EventType "swiss"]
[EventRounds "9"]
[EventCountry "GRE"]
[SourceTitle "EXT 2024"]
[Source "ChessBase"]
[SourceDate "2023.10.10"]
[SourceVersion "1"]
[SourceVersionDate "2023.10.10"]
[SourceQuality "1"]

1. e4 c5 2. Nf3 Nc6 3. d4 cxd4 4. Nxd4 e5 5. Nb5 d6 6. c4 g6 7. Be2 Be6 8. Be3 a6 9. N5c3 Nf6 10. 0-0 Bg7 11. Na3 0-0 12. f3 Rc8 13. Nc2 Nh5 14. Qd2 Nf4 15. Rfd1 Nd4 16. Nxd4 exd4 17. Bxd4 Bxd4+ 18. Qxd4 Nxe2+ 19. Nxe2 Rxc4 20. Qd2 Qb6+ 21. Kh1 Rfc8 22. Nc3 R4c6 23. Rab1 Qa5 24. Qd4 b5 25. a3 Qb6 26. Ne2 Bc4 27. Qxb6 Rxb6 28. Nd4 b4 29. b3 Be6 30. axb4 Bd7 31. Rbc1 Rxc1 1/2-1/2

[Event "Athens Iraklion op 25th"]
[Site "Athens"]
[Date "2023.06.24"]
[Round "8"]
[White "Gogolis, Alexandros"]
[Black "Papadopoulos, Filippos"]
[Result "0-1"]
[WhiteElo "2124"]
[BlackElo "1764"]
[PlyCount "72"]
[EventDate "2023.06.17"]
[EventType "swiss"]
[EventRounds "9"]
[EventCountry "GRE"]
[SourceTitle "CBM 214 Extra"]
[Source "ChessBase"]
[SourceDate "2023.07.31"]
[SourceVersion "1"]
[SourceVersionDate "2023.07.31"]
[SourceQuality "1"]

1. d4 Nf6 2. Nf3 g6 3. Bg5 Bg7 4. Nbd2 0-0 5. c3 d6 6. e4 c5 7. dxc5 dxc5 8. a4 Nc6 9. Be2 Qc7 10. 0-0 Rd8 11. Qc2 h6 12. Bh4 Nh5 13. Rfe1 g5 14. Bg3 Nxg3 15. hxg3 Be6 16. Bc4 Bg4 17. Nf1 e6 18. Ne3 Bh5 19. Be2 Bg6 20. Nc4 Rd7 21. Rad1 Rad8 22. Rxd7 Rxd7 23. Bf1 a6 24. Qb3 Na5 25. Nxa5 Qxa5 26. Qc4 Qb6 27. Qa2 g4 28. Nh4 Bh7 29. a5 Qc7 30. Qa4 Rd2 31. Re2 Qd7 32. Qc4 Rd1 33. f3 Qd6 34. e5 Qd3 35. Qxd3 Bxd3 36. Rf2 Bxe5 0-1

[Event "GRE-ch U20"]
[Site "Trikala"]
[Date "2023.04.24"]
[Round "9"]
[White "Stoimenidis, Dimitrios"]
[Black "Papadopoulos, Filippos"]
[Result "1/2-1/2"]
[WhiteElo "1885"]
[BlackElo "1717"]
[PlyCount "68"]
[EventDate "2023.04.18"]
[EventType "swiss"]
[EventRounds "9"]
[EventCountry "GRE"]
[SourceTitle "EXT 2024"]
[Source "ChessBase"]
[SourceDate "2023.10.10"]
[SourceVersion "1"]
[SourceVersionDate "2023.10.10"]
[SourceQuality "1"]

1. e4 c5 2. Nf3 d6 3. d4 cxd4 4. Nxd4 Nf6 5. Nc3 a6 6. Be3 Ng4 7. Bg5 h6 8. Bh4 g5 9. Bg3 Bg7 10. h3 Ne5 11. Qd2 Nbc6 12. 0-0-0 Be6 13. Nd5 Bxd5 14. exd5 Nxd4 15. Qxd4 Qa5 16. Kb1 Rc8 17. h4 0-0 18. Bxe5 Bxe5 19. Qe3 Qb4 20. Qb3 Qxb3 21. axb3 Kg7 22. Bd3 Rh8 23. Bf5 Rce8 24. g3 e6 25. Be4 b6 26. Bd3 a5 27. Bb5 Rd8 28. Bc4 exd5 29. Rxd5 g4 30. f4 gxf3 31. Rf1 f6 32. Rxf3 Rd7 33. h5 Rb8 34. g4 Rc7 1/2-1/2

[Event "GRE-ch U20"]
[Site "Trikala"]
[Date "2023.04.20"]
[Round "4"]
[White "Tsarsitalidis, Konstantinos"]
[Black "Papadopoulos, Filippos"]
[Result "1-0"]
[WhiteElo "2137"]
[BlackElo "1717"]
[PlyCount "69"]
[EventDate "2023.04.18"]
[EventType "swiss"]
[EventRounds "9"]
[EventCountry "GRE"]
[SourceTitle "EXT 2024"]
[Source "ChessBase"]
[SourceDate "2023.10.10"]
[SourceVersion "1"]
[SourceVersionDate "2023.10.10"]
[SourceQuality "1"]

1. e4 c5 2. Nf3 d6 3. d4 cxd4 4. Nxd4 Nf6 5. Nc3 a6 6. h4 e5 7. Nb3 Be7 8. Bg5 Nbd7 9. a4 h6 10. Be3 b6 11. Be2 Bb7 12. Qd3 Rc8 13. Bf3 Qc7 14. Be2 Qd8 15. Bf3 Qc7 16. 0-0-0 Nb8 17. g4 Nc6 18. g5 Nb4 19. Qe2 Nxe4 20. Bxe4 Bxe4 21. Nxe4 d5 22. Nc3 d4 23. Nxd4 exd4 24. Bxd4 hxg5 25. hxg5 Rxh1 26. Rxh1 Qf4+ 27. Be3 Qe5 28. Rh8+ Bf8 29. Qg4 Rxc3 30. Qxb4 Rc5 31. Bxc5 bxc5 32. Qd2 g6 33. Qe3 Qe7 34. Qxe7+ Kxe7 35. Rg8 1-0

[Event "GRE-ch U16"]
[Site "Thessaloniki"]
[Date "2022.08.24"]
[Round "9"]
[White "Papadopoulos, Filippos"]
[Black "Lekkas, Anastasios"]
[Result "1/2-1/2"]
[WhiteElo "1635"]
[BlackElo "1627"]
[PlyCount "71"]
[EventDate "2022.08.18"]
[EventType "swiss"]
[EventRounds "9"]
[EventCountry "GRE"]
[SourceTitle "EXT 2023"]
[Source "ChessBase"]
[SourceDate "2022.10.05"]
[SourceVersion "1"]
[SourceVersionDate "2022.10.05"]
[SourceQuality "1"]

1. e4 c5 2. Nf3 d6 3. d4 cxd4 4. Nxd4 Nf6 5. f3 e5 6. Nb3 d5 7. Bg5 Be6 8. Bxf6 gxf6 9. exd5 Qxd5 10. Qxd5 Bxd5 11. Nc3 Be6 12. 0-0-0 Nd7 13. Nb5 Bh6+ 14. Kb1 Ke7 15. Nc7 Rac8 16. Nd5+ Bxd5 17. Rxd5 Be3 18. Bb5 Rhd8 19. Rhd1 Nf8 20. Rxd8 Rxd8 21. Rxd8 Kxd8 22. Na5 Kc7 23. Be8 Bg1 24. Bxf7 Bxh2 25. c3 Ng6 26. Bxg6 hxg6 27. Kc2 Kb6 28. Nc4+ Kc5 29. Kd3 Bf4 30. b4+ Kd5 31. Na3 Bh6 32. g4 Bf8 33. c4+ Ke6 34. Nc2 b6 35. a3 a5 36. Ke4 1/2-1/2

[Event "GRE-ch U16"]
[Site "Thessaloniki"]
[Date "2022.08.21"]
[Round "5"]
[White "Tragoudaras, Nikolaos"]
[Black "Papadopoulos, Filippos"]
[Result "1/2-1/2"]
[WhiteElo "1810"]
[BlackElo "1635"]
[PlyCount "220"]
[EventDate "2022.08.18"]
[EventType "swiss"]
[EventRounds "9"]
[EventCountry "GRE"]
[SourceTitle "EXT 2023"]
[Source "ChessBase"]
[SourceDate "2022.10.05"]
[SourceVersion "1"]
[SourceVersionDate "2022.10.05"]
[SourceQuality "1"]

1. e4 c5 2. Nf3 d6 3. Bb5+ Nd7 4. a4 Ngf6 5. Nc3 a6 6. Be2 e6 7. d4 cxd4 8. Qxd4 b6 9. 0-0 Be7 10. Rd1 Qc7 11. Nd2 e5 12. Qc4 Qb8 13. Qa2 0-0 14. f3 Bb7 15. Nf1 b5 16. Ne3 b4 17. Nb1 a5 18. Nf5 Re8 19. Bc4 d5 20. exd5 Bd6 21. Re1 e4 22. Nxd6 Qxd6 23. fxe4 Rxe4 24. Rxe4 Nxe4 25. Be3 Ndf6 26. Nd2 Nxd2 27. Bxd2 Qc5+ 28. Kh1 Ng4 29. h3 Nf2+ 30. Kh2 Qd6+ 31. g3 Qd7 32. g4 Qd6+ 33. Kg2 Ne4 34. Be1 h5 35. Qb3 hxg4 36. hxg4 Nf6 37. Bg3 Qc5 38. Bf2 Qd6 39. Qg3 Qxg3+ 40. Kxg3 Rc8 41. Bd3 Bxd5 42. Bb6 Be4 43. Bxa5 Bxd3 44. cxd3 Nd5 45. Re1 Ra8 46. Bxb4 Nxb4 47. b3 Nxd3 48. Re3 Nc5 49. Kf4 Rb8 50. Rc3 Nxb3 51. g5 g6 52. Ke5 Kg7 53. Kd6 Rb4 54. Rf3 Nd4 55. Ra3 Rb3 56. Ra2 Rg3 57. a5 Rxg5 58. a6 Rf5 59. Kc7 Nb5+ 60. Kb6 Nd6 61. Kc7 Nb5+ 62. Kb6 Nd6 63. Kc7 Rf6 64. Ra5 Nb5+ 65. Kb7 Rxa6 66. Kxa6 Nc7+ 67. Kb6 Ne6 68. Kc6 g5 69. Kd5 Kg6 70. Ke5 g4 71. Ra8 Ng7 72. Kf4 f6 73. Kxg4 Ne6 74. Rg8+ Kf7 75. Ra8 Kg6 76. Ra6 Nc5 77. Ra7 Ne6 78. Ra1 Nc5 79. Kf4 Ne6+ 80. Ke4 Nc5+ 81. Kd5 Nd3 82. Ke6 Nf4+ 83. Ke7 Kg5 84. Rg1+ Kf5 85. Ra1 Kg5 86. Ra8 Nd5+ 87. Kd6 Nf4 88. Rg8+ Kf5 89. Rg1 Nh3 90. Rf1+ Kg5 91. Ke6 Nf4+ 92. Kf7 Kf5 93. Ra1 Ke5 94. Re1+ Kf5 95. Re8 Nd3 96. Re2 Nf4 97. Re1 Nd3 98. Rf1+ Nf4 99. Rf3 Kg4 100. Ra3 Kg5 101. Ra5+ f5 102. Rb5 Nd3 103. Ke6 Nf4+ 104. Kf7 Nh5 105. Rb8 Nf6 106. Rb1 Nd5 107. Rg1+ Kf4 108. Rf1+ Ke4 109. Ke6 f4 110. Rxf4+ Nxf4+ 1/2-1/2

[Event "GRE-ch U16"]
[Site "Thessaloniki"]
[Date "2022.08.18"]
[Round "1"]
[White "Stefanou, Dimitrios"]
[Black "Papadopoulos, Filippos"]
[Result "1-0"]
[WhiteElo "2244"]
[BlackElo "1635"]
[PlyCount "93"]
[EventDate "2022.08.18"]
[EventType "swiss"]
[EventRounds "9"]
[EventCountry "GRE"]
[SourceTitle "EXT 2023"]
[Source "ChessBase"]
[SourceDate "2022.10.05"]
[SourceVersion "1"]
[SourceVersionDate "2022.10.05"]
[SourceQuality "1"]

1. d4 Nf6 2. c4 g6 3. Nc3 Bg7 4. e4 d6 5. Be2 0-0 6. Be3 c5 7. d5 e6 8. Nf3 exd5 9. cxd5 b5 10. e5 dxe5 11. Bxc5 Re8 12. Bxb5 Bd7 13. Be2 Bg4 14. 0-0 e4 15. Nd4 Bxe2 16. Ndxe2 Nbd7 17. Bd4 Nb6 18. Bxf6 Qxf6 19. Qb3 Rab8 20. Rad1 Nd7 21. Qc2 e3 22. d6 Qe6 23. fxe3 Qxe3+ 24. Kh1 Qc5 25. Qa4 Nf6 26. Ng3 Rb4 27. Qa3 Qb6 28. Rxf6 Bxf6 29. Nd5 Rd4 30. Nxf6+ Kf8 31. Rf1 Rd8 32. Nge4 Kg7 33. d7 Rxe4 34. Nxe4 Rxd7 35. Qc3+ Qd4 36. Rd1 Qxc3 37. Nxc3 Rb7 38. b3 Rc7 39. Rd3 h5 40. g3 Re7 41. Kg2 Re1 42. Rd2 Kf6 43. Rf2+ Kg7 44. a4 Rc1 45. Nb5 Rb1 46. Nxa7 Rxb3 47. Ra2 1-0

[Event "GRE-chT 49th"]
[Site "Thessaloniki"]
[Date "2022.08.16"]
[Round "6"]
[White "Dogias, Christos"]
[Black "Papadopoulos, Filippos"]
[Result "1-0"]
[WhiteElo "1772"]
[BlackElo "1635"]
[PlyCount "81"]
[EventDate "2022.08.12"]
[EventType "team-swiss"]
[EventRounds "7"]
[EventCountry "GRE"]
[SourceTitle "EXT 2024"]
[Source "ChessBase"]
[SourceDate "2023.10.10"]
[SourceVersion "1"]
[SourceVersionDate "2023.10.10"]
[SourceQuality "1"]
[WhiteTeam "Kozanis Aetoi"]
[BlackTeam "Patras EA"]
[WhiteTeamCountry "GRE"]
[BlackTeamCountry "GRE"]

1. e4 c5 2. Nf3 d6 3. d4 cxd4 4. Nxd4 Nf6 5. Nc3 a6 6. f3 Qb6 7. g4 e6 8. Nb3 Nfd7 9. Qe2 Qc7 10. Be3 b5 11. a3 Nb6 12. Qf2 N8d7 13. 0-0-0 Rb8 14. f4 Bb7 15. Rg1 g6 16. f5 e5 17. f6 Ba8 18. g5 Na4 19. Nd5 Bxd5 20. Rxd5 Nab6 21. Bxb6 Nxb6 22. Rd1 h6 23. h4 hxg5 24. hxg5 Nc4 25. Bd3 b4 26. a4 Nb6 27. a5 Nc4 28. Bxc4 Qxc4 29. Qg2 Rc8 30. Kb1 Rh4 31. Rde1 Rd8 32. Rh1 Rxh1 33. Rxh1 d5 34. Rh8 Qxe4 35. Qh3 Qf5 36. Rxf8+ Kd7 37. Qxf5+ gxf5 38. Rxf7+ Kd6 39. g6 f4 40. g7 f3 41. Rf8 1-0

[Event "GRE-chT 49th"]
[Site "Thessaloniki"]
[Date "2022.08.15"]
[Round "5"]
[White "Papadopoulos, Filippos"]
[Black "Karakasidis, Michail"]
[Result "1/2-1/2"]
[WhiteElo "1635"]
[BlackElo "1460"]
[PlyCount "116"]
[EventDate "2022.08.12"]
[EventType "team-swiss"]
[EventRounds "7"]
[EventCountry "GRE"]
[SourceTitle "EXT 2024"]
[Source "ChessBase"]
[SourceDate "2023.10.10"]
[SourceVersion "1"]
[SourceVersionDate "2023.10.10"]
[SourceQuality "1"]
[WhiteTeam "Patras EA"]
[BlackTeam "Alexanthroepoles Ethnikos"]
[WhiteTeamCountry "GRE"]
[BlackTeamCountry "GRE"]

1. e4 e6 2. d4 d5 3. Nd2 c5 4. Ngf3 cxd4 5. exd5 Qxd5 6. Bc4 Qd8 7. 0-0 Nc6 8. Nb3 a6 9. Nbxd4 Nxd4 10. Nxd4 Bc5 11. Be3 Nf6 12. c3 Qc7 13. Qe2 0-0 14. Rfe1 e5 15. Nc2 Bg4 16. Qf1 Rfd8 17. Be2 Bf5 18. Bxc5 Qxc5 19. Ne3 Bg6 20. Rad1 Ne4 21. Rxd8+ Rxd8 22. Rd1 Rxd1 23. Qxd1 Qb6 24. Bd3 h6 25. Bxe4 Bxe4 26. Qd2 Kh7 27. b4 a5 28. Nc4 Qg6 29. f3 Bxf3 30. Nxe5 Qb1+ 31. Kf2 Be4 32. Nf3 axb4 33. cxb4 Bc2 34. Ne1 Bf5 35. h3 Be6 36. a3 g6 37. Nf3 Qb3 38. Nd4 Qd5 39. Nf3 Qb3 40. Nd4 Qd5 41. Qe3 Qa2+ 42. Kg1 Bd5 43. Nf3 Qb1+ 44. Kh2 Qf5 45. Qe5 Qd3 46. Qd4 Qb3 47. Kg3 Bxf3 48. gxf3 Qxa3 49. Qd5 Qxb4 50. Qxf7+ Kh8 51. Qf6+ Kh7 52. Qf7+ Kh8 53. Qxg6 Qe1+ 54. Kg2 Qe2+ 55. Kg3 Qe5+ 56. Kf2 Qc5+ 57. Ke2 Qb5+ 58. Ke3 Qb3+ 1/2-1/2

[Event "GRE-chT U16"]
[Site "Thessaloniki"]
[Date "2021.12.19"]
[Round "6.2"]
[White "Papadopoulos, Filippos"]
[Black "Merkos, Thomas"]
[Result "0-1"]
[WhiteElo "1649"]
[BlackElo "1687"]
[PlyCount "74"]
[EventDate "2021.12.16"]
[EventType "team-swiss"]
[EventRounds "6"]
[EventCountry "GRE"]
[SourceTitle "CBM 205 Extra"]
[Source "ChessBase"]
[SourceDate "2022.01.31"]
[SourceVersion "1"]
[SourceVersionDate "2022.01.31"]
[SourceQuality "1"]
[WhiteTeam "Patron"]
[BlackTeam "Nikaia Fysiolatris"]
[WhiteTeamCountry "GRE"]
[BlackTeamCountry "GRE"]

1. e4 c5 2. Nf3 e6 3. d4 cxd4 4. Nxd4 Nc6 5. Nc3 Qc7 6. Be3 a6 7. Qd2 Nf6 8. f4 Bb4 9. Bd3 b5 10. a3 Be7 11. h3 Bb7 12. e5 Nxd4 13. Bxd4 Nd5 14. Nxd5 Bxd5 15. 0-0-0 Bc5 16. Qc3 Rc8 17. Bxc5 Qxc5 18. Qxc5 Rxc5 19. Rhe1 Bxg2 20. Be4 Bxe4 21. Rxe4 d5 22. exd6 Kd7 23. a4 Rhc8 24. c3 Rc4 25. Rdd4 Rxd4 26. Rxd4 Rc4 27. axb5 Rxd4 28. cxd4 axb5 29. Kd2 Kxd6 30. Ke3 Kd5 31. Kd3 f6 32. b3 g5 33. fxg5 fxg5 34. Ke3 h5 35. Kd3 g4 36. hxg4 hxg4 37. Ke3 b4 0-1

[Event "GRE-ch U14"]
[Site "Patras"]
[Date "2021.09.02"]
[Round "5"]
[White "Papadopoulos, Filippos"]
[Black "Merkos, Thomas"]
[Result "0-1"]
[WhiteElo "1575"]
[BlackElo "1703"]
[PlyCount "76"]
[EventDate "2021.08.30"]
[EventType "swiss"]
[EventRounds "9"]
[EventCountry "GRE"]
[SourceTitle "EXT 2022"]
[Source "ChessBase"]
[SourceDate "2021.10.06"]
[SourceVersion "1"]
[SourceVersionDate "2021.10.06"]
[SourceQuality "1"]

1. e4 Nf6 2. e5 Nd5 3. d4 d6 4. c4 Nb6 5. f4 g6 6. Nc3 Bg7 7. Be3 Be6 8. d5 Bc8 9. exd6 cxd6 10. Be2 0-0 11. Nf3 Bg4 12. 0-0 N8d7 13. Bd4 Nf6 14. h3 Bxf3 15. Rxf3 Rc8 16. b3 e6 17. dxe6 fxe6 18. Re3 Qd7 19. Rd3 Ne8 20. Be5 Bf6 21. Bxf6 Qf7 22. Bg7 Qxg7 23. Bg4 Nc7 24. Nb5 Rxf4 25. Nxc7 Rxc7 26. Bxe6+ Kh8 27. Rxd6 Qe5 28. Rd8+ Kg7 29. Rg8+ Kh6 30. Bg4 Rcf7 31. Bf3 Rxf3 32. gxf3 Qg3+ 33. Kh1 Qxh3+ 34. Kg1 Qg3+ 35. Kh1 Rf4 36. Qd2 Qxf3+ 37. Kg1 Qg3+ 38. Kh1 Qg5 0-1

[Event "GRE-ch U14"]
[Site "Patras"]
[Date "2021.09.02"]
[Round "6"]
[White "Papadopoulos, Filippos"]
[Black "Tsarsitalidis, Christos"]
[Result "0-1"]
[WhiteElo "1575"]
[BlackElo "1786"]
[PlyCount "100"]
[EventDate "2021.08.30"]
[EventType "swiss"]
[EventRounds "9"]
[EventCountry "GRE"]
[SourceTitle "EXT 2022"]
[Source "ChessBase"]
[SourceDate "2021.10.06"]
[SourceVersion "1"]
[SourceVersionDate "2021.10.06"]
[SourceQuality "1"]

1. e4 e5 2. Nf3 Nf6 3. d4 Nxe4 4. Bd3 Nc6 5. Bxe4 d5 6. Nxe5 Nxe5 7. dxe5 dxe4 8. Qxd8+ Kxd8 9. Bg5+ Ke8 10. Nc3 Bb4 11. 0-0-0 Bf5 12. Nd5 Ba5 13. b4 Bb6 14. Nxb6 axb6 15. Kb2 h6 16. Be3 Ke7 17. h3 Ra4 18. a3 Rha8 19. Ra1 Ke6 20. g4 Bg6 21. Bf4 c5 22. c3 Rd8 23. Rhd1 Rd3 24. Kb3 b5 25. bxc5 Kd5 26. Be3 Kxe5 27. Rg1 f6 28. h4 Bf7+ 29. Kb2 Ra8 30. Rg2 Bd5 31. Rgg1 Bc4 32. Rgd1 Rad8 33. Bd4+ Kf4 34. Rg1 Rd2+ 35. Kc1 R8xd4 36. cxd4 Rxf2 37. Rb1 e3 38. Rb2 Kf3 39. Rc2 Bd3 40. Rc3 Ra2 41. Rxd3 Ra1+ 42. Kc2 Rxg1 43. d5 Ke4 44. d6 e2 45. d7 e1Q 46. Rd4+ Kxd4 47. d8Q+ Ke4 48. Qd3+ Kf4 49. Qd6+ Kf3 50. Qd3+ Qe3 0-1

[Event "GRE-ch U18"]
[Site "Chania"]
[Date "2021.07.16"]
[Round "3"]
[White "Stamatiou, Rodolfos"]
[Black "Papadopoulos, Filippos"]
[Result "1-0"]
[WhiteElo "2023"]
[BlackElo "1426"]
[PlyCount "71"]
[EventDate "2021.07.15"]
[EventType "swiss"]
[EventRounds "9"]
[EventCountry "GRE"]
[SourceTitle "EXT 2022"]
[Source "ChessBase"]
[SourceDate "2021.10.06"]
[SourceVersion "1"]
[SourceVersionDate "2021.10.06"]
[SourceQuality "1"]

1. e4 c5 2. Nf3 d6 3. d4 cxd4 4. Nxd4 Nf6 5. Nc3 a6 6. a4 e6 7. a5 Bd7 8. Be2 Bc6 9. 0-0 Be7 10. f3 d5 11. e5 Nfd7 12. f4 Bb4 13. Qe1 Bxa5 14. Qg3 g6 15. f5 Bb6 16. Be3 Bxd4 17. Bxd4 Nf8 18. h4 Bd7 19. h5 Nc6 20. fxg6 hxg6 21. Bc5 Ne7 22. Qf2 Nf5 23. g4 Qg5 24. Kh2 Qh4+ 25. Qxh4 Nxh4 26. Kg3 gxh5 27. Kxh4 Ng6+ 28. Kg3 h4+ 29. Kh3 Rc8 30. Bd4 Rg8 31. Bd3 Ke7 32. Rf2 Be8 33. Ne2 Bb5 34. Bxb5 axb5 35. Ra7 Rc7 36. Nc3 1-0

[Event "GRE-ch U16"]
[Site "Patras"]
[Date "2021.07.04"]
[Round "3"]
[White "Tsemeri, Mario"]
[Black "Papadopoulos, Filippos"]
[Result "0-1"]
[WhiteElo "1101"]
[BlackElo "1426"]
[PlyCount "88"]
[EventDate "2021.07.02"]
[EventType "swiss"]
[EventRounds "7"]
[EventCountry "GRE"]
[SourceTitle "EXT 2023"]
[Source "ChessBase"]
[SourceDate "2022.10.05"]
[SourceVersion "1"]
[SourceVersionDate "2022.10.05"]
[SourceQuality "1"]

1. e4 c5 2. c3 d5 3. exd5 Qxd5 4. Nf3 Nc6 5. d4 Bf5 6. Na3 cxd4 7. cxd4 e6 8. Nb5 Qd7 9. Be2 a6 10. Nc3 Nf6 11. a3 Be7 12. 0-0 0-0 13. h3 Rfd8 14. Be3 Rac8 15. Ne5 Nxe5 16. dxe5 Qc7 17. Bd4 Nd7 18. Qb3 Nxe5 19. Bb6 Qc6 20. Bxd8 Bxd8 21. Rac1 Qd7 22. Na4 Rxc1 23. Rxc1 h6 24. Nc5 Qd2 25. Qd1 Qg5 26. Nxb7 Bb6 27. Kh1 Be4 28. f3 Bxb7 29. Rc3 Bd5 30. Bxa6 Ng6 31. Bd3 f5 32. Qf1 Nf4 33. Bc4 Nh5 34. Qe1 Nf4 35. Qf1 Nh5 36. Qe1 Nf4 37. Qf1 Kh7 38. Bxd5 exd5 39. a4 d4 40. Ra3 Ba5 41. Ra1 d3 42. Rd1 d2 43. b3 Qg3 44. Qb5 Qxg2# 0-1

[Event "GRE-chT Online Rapid op 1st"]
[Site "Tornelo INT"]
[Date "2021.02.21"]
[Round "8.18"]
[White "Papadopoulos, Filippos"]
[Black "Stellaki, Alexandra"]
[Result "1-0"]
[WhiteElo "1426"]
[BlackElo "1313"]
[PlyCount "55"]
[EventDate "2021.02.20"]
[EventType "team-swiss (rapid)"]
[EventRounds "9"]
[EventCountry "GRE"]
[SourceTitle "EXT 2023"]
[Source "ChessBase"]
[SourceDate "2022.10.05"]
[SourceVersion "1"]
[SourceVersionDate "2022.10.05"]
[SourceQuality "1"]

1. e4 c6 2. d4 d5 3. Nc3 dxe4 4. Nxe4 Bf5 5. Ng3 Bg6 6. h4 h6 7. Nf3 Nd7 8. h5 Bh7 9. Bd3 Bxd3 10. Qxd3 Ngf6 11. Bd2 e6 12. 0-0-0 Be7 13. Ne4 0-0 14. Kb1 a5 15. Nxf6+ Nxf6 16. Qe2 a4 17. g4 Nd5 18. g5 hxg5 19. Rdg1 Nf4 20. Bxf4 gxf4 21. Qe4 Qd5 22. Qxf4 a3 23. Qh6 g6 24. hxg6 Qxa2+ 25. Kxa2 axb2+ 26. Kxb2 Ba3+ 27. Kb3 Rfd8 28. Qh8# 1-0

[Event "GRE-ch Online Rapid op 1st"]
[Site "Tornelo INT"]
[Date "2021.02.06"]
[Round "5"]
[White "Apostolou, Alexandros"]
[Black "Papadopoulos, Filippos"]
[Result "1/2-1/2"]
[WhiteElo "2094"]
[BlackElo "1310"]
[PlyCount "132"]
[EventDate "2021.02.06"]
[EventType "swiss (rapid)"]
[EventRounds "8"]
[EventCountry "GRE"]
[SourceTitle "EXT 2023"]
[Source "ChessBase"]
[SourceDate "2022.10.05"]
[SourceVersion "1"]
[SourceVersionDate "2022.10.05"]
[SourceQuality "1"]

1. e4 c5 2. c3 d5 3. exd5 Qxd5 4. d4 Nc6 5. Nf3 Bf5 6. Be2 cxd4 7. cxd4 Bxb1 8. Rxb1 e6 9. a3 Nf6 10. 0-0 Bd6 11. Bg5 Ne4 12. Be3 0-0 13. Rc1 Rac8 14. Bd3 Nf6 15. h3 h6 16. Re1 Ne7 17. Qa4 a6 18. Rxc8 Rxc8 19. Rc1 Rxc1+ 20. Bxc1 Qc6 21. Qd1 Ned5 22. Bd2 Bc7 23. Qc2 Qxc2 24. Bxc2 Ne7 25. g4 Nc6 26. Kf1 Nd5 27. Be4 Nf4 28. Bxc6 bxc6 29. h4 Nd5 30. Ke2 Kf8 31. Kd3 Ke7 32. Kc4 Kd7 33. Ne5+ Bxe5 34. dxe5 Nb6+ 35. Kd4 Na4 36. b4 Nb6 37. Kc5 Nd5 38. f4 Kc7 39. h5 Kd7 40. g5 Kc7 41. a4 Ne7 42. gxh6 gxh6 43. Be1 Nf5 44. Bd2 Ng3 45. Kd4 Nxh5 46. Ke4 Ng7 47. Be1 Nf5 48. Bf2 h5 49. Kf3 Kd7 50. Bc5 Kc7 51. Kg2 Kb7 52. Kh3 Kc7 53. Bf8 Kb6 54. Bc5+ Kb7 55. Bf2 Kc7 56. Bc5 Kb7 57. Kg2 Kc7 58. Kf3 Kb7 59. Ke4 Kc7 60. Kf3 Kb7 61. Kf2 Kc7 62. a5 Kd7 63. Kg2 Kc7 64. Kh3 Kd7 65. Kg2 Ke8 66. Kh3 Kd7 1/2-1/2

[Event "GRE-ch Online Rapid op 1st"]
[Site "Tornelo INT"]
[Date "2021.02.06"]
[Round "4"]
[White "Papadopoulos, Filippos"]
[Black "Kanellis, Nikolaos"]
[Result "1-0"]
[WhiteElo "1310"]
[BlackElo "1612"]
[PlyCount "63"]
[EventDate "2021.02.06"]
[EventType "swiss (rapid)"]
[EventRounds "8"]
[EventCountry "GRE"]
[SourceTitle "EXT 2023"]
[Source "ChessBase"]
[SourceDate "2022.10.05"]
[SourceVersion "1"]
[SourceVersionDate "2022.10.05"]
[SourceQuality "1"]

1. e4 e5 2. Nf3 Nc6 3. Bb5 a6 4. Ba4 Nf6 5. 0-0 Be7 6. Re1 b5 7. Bb3 d6 8. c3 0-0 9. h3 Na5 10. Bc2 c5 11. d4 Qc7 12. d5 Bd7 13. Nbd2 c4 14. Nf1 Nb7 15. Ng3 g6 16. Be3 Nc5 17. Nh2 Rfe8 18. f4 exf4 19. Bxf4 Bf8 20. Nf3 Re5 21. Nxe5 dxe5 22. Bg5 Ne8 23. Qd2 Nd6 24. Bf6 Bg7 25. Bxg7 Kxg7 26. Rf1 Rf8 27. Qg5 f6 28. Nh5+ Kh8 29. Rxf6 Qd8 30. Rxf8+ Qxf8 31. Rf1 Qe8 32. Qf6+ 1-0